Methode historique et sciences sociales

Αποθηκεύτηκε σε:
Λεπτομέρειες βιβλιογραφικής εγγραφής
Κύριος συγγραφέας: Simiand, Francois
Άλλοι συγγραφείς: Cedronio, Marina (Επιμελητής έκδοσης)
Μορφή: Βιβλίο
Γλώσσα:French
Δημοσίευση: Paris : Editions des Archives Contemporaines, 1987
Σειρά:Reimpression
Θέματα:
Ετικέτες: Προσθήκη ετικέτας
Δεν υπάρχουν, Καταχωρήστε ετικέτα πρώτοι!

MARC

LEADER 00000nam a2200000 i 4500
001 1/30776
008 030117s1987 fre d
020 |a 2-88124-188-3 
035 |l 10069040 
040 |a GR-MY-UA  |b gre  |e aacr 
041 0 |a fre 
082 0 |a 907.2 
100 1 |a Simiand, Francois. 
245 1 0 |a Methode historique et sciences sociales /  |c choix et presentation Marina Cedronio ; Francois Simiand 
260 |a Paris :   |b Editions des Archives Contemporaines,   |c 1987 
300 |a 534 p.;  |c 20 cm. 
490 1 |a Reimpression 
650 0 0 |a History  |x Methodology. 
650 0 0 |a Historiography. 
650 0 0 |a Social sciences  |x Methodology. 
700 1 |a Cedronio, Marina.  |4 edt 
830 0 |a Reimpression 
852 |a INST  |b LESVOS  |e 20030117  |h 907.2 SIM  |p 005100024882  |q 005100024882  |t BK  |y 0 
901 |a BIBL1-2003-1 
909 |a Λ  |b 015291 
970 |a ΚΑΜΑΤΣΟΥ  |b ΔΕΣΠΟΙΝΑ  |z 2003/01/17